000 00951nam a2200265Ia 4500
003 OSt
005 20220923211438.0
006 a|||||r|||| 00| 0
007 ta
008 220922b |||||||| |||| 00| 0 hin d
020 _a978935000742 (pbk)
_c65
024 _a274,119
037 _b99, 05/09/2013, Vani Prakashan
_cTextual
040 _aARTS
_cARTS
_bhin
041 _2hin
_ahin
082 _aO152,1N52x, Q2
100 _aउदय प्रकाश
245 0 _aनयी सदी के लिए चयन
_b पचास कविताएं
246 _aNayī sadī ke lie chayana: pachās kavitāean
260 _aनई दिल्ली
_b वाणी प्रकाशन
_c2012
300 _a138पृ.
_ccm.
650 _aहिन्दी साहित्य
_9156264
942 _hO152,1N52x, Q2
_cTEXL
_2CC
999 _c299628
_d299628